Literárny večer v Prakovciach

Bibliographic Details
Main Author: (eb) (Author)
Format: Article
Language:Slovak
Subjects:

MARC

LEADER 00000nab a2200000 a 4500
001 vtls000015924
003 SK-MaSNL
005 20260304015358.0
008 160211c1978 xo 0 slo
015 |a SNBRB19rr/mm-uuuuu 
035 |a CL0026018 
040 |a SNKBUCL  |b slo  |c SNKBUCL  |e AACR2 
041 0 |a slo 
044 |a xo  |c SK 
080 |a 82:028:882  |2 1981 
080 |a 028  |2 1981 
080 |a 882  |2 1981 
100 1 |a (eb)  |4 aut  |9 853933 
245 1 0 |a Literárny večer v Prakovciach  |c (eb) 
600 1 7 |a Brežnev, Leonid Iľjič,  |d 1906-1982  |2 snkbucl  |9 251040 
651 7 |a 5409  |2 snkbucl  |9 284640 
655 7 |a články z novín a časopisov  |2 snkbucl  |9 267496 
655 7 |a články z odboru literárna veda a krásna literatúra  |2 snkbucl  |9 770045 
773 0 |t Smena  |g Roč. 31, č. 281 (28. 11. 1978), s. 6 
850 |a Slovenská národná knižnica v Martine  |a MTA001 
852 |a SNK  |b KIS3GCP 
958 |a RK 
958 |a LX 
958 |a SK 
992 |a RBX 
999 |c 2591066  |d 2592996